Manual de fórmulas técnicas

Guardat en:
Dades bibliogràfiques
Autor principal: Gieck, Kurt (Autor)
Format: Llibre
Idioma:espanyol
Publicat: Ciudad de México Alfaomega 1977
Edició:17a. ed
Matèries:
Etiquetes: Afegir etiqueta
Sense etiquetes, Sigues el primer a etiquetar aquest registre!

MARC

LEADER 00000nam a2200000 a 4500
001 UCU4182
003 CL-VaPUC
008 960517e19770000MX |||||||||||||||||spa|d
082 0 4 |a 620.002  |b GIE  |2 21 
100 |a Gieck, Kurt  |e author  |9 486291 
245 1 0 |a Manual de fórmulas técnicas 
250 |a 17a. ed 
300 |a 282 p 
942 |c BK 
945 |d 19960517 00:00:00  |a paguirre 
260 |a Ciudad de México  |b Alfaomega  |c 1977 
650 0 |a Fórmulas matemáticas   |9 263500 
650 7 |a METROLOGIA  |2 CL-VaPUC  |9 271765 
583 |a last modification  |c 20170510 01:50:19  |k Rodrigo Vera 
999 |c 247979  |d 247977 
952 |0 0  |1 0  |4 0  |6 620_002000000000000_GIE_1977  |7 0  |8 A  |9 264278  |a BIBING  |b BIBING  |d 2019-11-19  |i 1661817  |o 620.002 GIE 1977  |p 1661817  |r 2025-01-20  |w 2019-11-19  |y BK  |k CCL